Vista normal
Vista MARC
Entrada Corporate Name
Número de registros utilizados en: 2
001 - CONTROL NUMBER
- control field: 37220
003 - CONTROL NUMBER IDENTIFIER
- control field: OSt
005 - DATE AND TIME OF LATEST TRANSACTION
- control field: 20210428082829.0
008 - FIXED-LENGTH DATA ELEMENTS
- fixed length control field: 210428|| aca||aabn | a|a d
040 ## - CATALOGING SOURCE
- Original cataloging agency: OSt
- Transcribing agency: OSt
110 ## - HEADING--CORPORATE NAME
- Corporate name or jurisdiction name as entry element: Centro Regional de Ayuda Técnica Agencia para el Desarrollo Internacional AID
670 ## - SOURCE DATA FOUND
- Source citation: Work cat.: (OSt)7743: 15325, Modernización de la Administración de Rentas Públicas : , 1970